Octavio Saltor en la Biblioteca Central
Colección:
San Jorge,
; núm. 14 (abril 1954), pàg 120
Idioma:
Español
MARC
| LEADER | 00000naa a2200000 a 4500 | ||
|---|---|---|---|
| 003 | Arxiu | ||
| 005 | 20260324181038.0 | ||
| 008 | 160829s1954 spc xx s 0 spa c | ||
| 245 | 0 | 0 | |a Octavio Saltor en la Biblioteca Central |
| 490 | |a San Jorge, |v núm. 14 (abril 1954), pàg 120 | ||
| 600 | 1 | 0 | |a Saltor, Octavi, |d 1902-1982 |9 29621 |
| 600 | 1 | 0 | |a Alcover, Joan, |d 1854-1926 |9 54931 |
| 773 | |g Núm. 14 (abril 1954), pàg 120 |t San Jorge. | ||
| 901 | |a Arxiu | ||
| 942 | |n 1 |2 udc |c ART | ||
| 952 | |0 0 |1 0 |4 0 |6 REV509 |7 1 |9 64808 |a Arxiu |b Arxiu |d 2022-12-14 |l 0 |o Rev-509 |r 2022-12-14 00:00:00 |w 2022-12-14 |y ARXIU | ||
| 999 | |c 48780 |d 48780 | ||